| 000 | 004640000a22001570004500 | ||
|---|---|---|---|
| 003 | MACL | ||
| 005 | 20171228155954.0 | ||
| 008 | 171228b xxu||||| |||| 00| 0 eng d | ||
| 040 | _cmacl | ||
| 100 |
_aजे. एल रेडडी _969839 |
||
| 245 | _aहरियाली और सफाई | ||
| 260 |
_bनेशनल बुक ट्रस्ट _c2002 |
||
| 350 | _a7 | ||
| 650 |
_aचिन्ड्रन _966196 |
||
| 942 |
_cHIN _k741.642 _2ddc |
||
| 999 |
_c18875 _d18875 |
||